| 000 | 00886nam a22002537a 4500 | ||
|---|---|---|---|
| 003 | 0 | ||
| 005 | 20241122152528.0 | ||
| 008 | 241122b xxu||||| |||| 00| 0 eng d | ||
| 020 | _a9781975185732 | ||
| 050 |
_aRT 23 _b.M45 2023 |
||
| 100 |
_aMelnyk, Bernadette Mazurek, _eauthor. |
||
| 245 |
_aEvidence-based practice in nursing & healthcare : _ba guide to best practice / _cBernadette Mazurek Melnyk, Ellen Fineout-Overholt. |
||
| 250 | _a5th ed. | ||
| 260 |
_aPhiladelphia : _bWolters Kluwer, _c2023. |
||
| 300 |
_axxv, 908 p. ; _c26 cm. |
||
| 504 | _aIncludes bibliographical references and index. | ||
| 650 | _aCommunication in nursing. | ||
| 650 | _aCommunication in medicine. | ||
| 650 | _aClinical decision-making. | ||
| 650 | _aEvidence-based nursing. | ||
| 650 |
_aEvidence-based nursing _vMethods. |
||
| 700 |
_aOverholt, Ellen Fineout-, _eauthor. |
||
| 942 |
_2lcc _cBK |
||
| 999 |
_c366808 _d366808 |
||